000
00288nam a22001337a 4500
008
170707b xxu||||| |||| 00| 0 eng d
020
_a
0130257133
041
_a
eng
080
_a
82
100
_a
22
101
_a
GJL
245
_a
WRITING WITH STYLE
_c
TRIMBLE.J.R
942
_2
udc
_c
BK
999
_c
20016
_d
20016